All WTA Top 20 Players in the 2020s - Statistics

General Stats
  • This quiz has been taken 180 times
  • The average score is 36 of 56
Answer Stats
Career High Player % Correct
Iga Świątek
100%
Aryna Sabalenka
99%
Nr. 1 Serena Williams
96%
Coco Gauff
92%
Naomi Osaka
91%
Elena Rybakina
89%
Ashleigh Barty
87%
Nr. 10 Emma Raducanu
86%
Jessica Pegula
85%
Nr. 5 Madison Keys
84%
Jasmine Paolini
81%
Barbora Krejčíková
78%
Ons Jabeur
78%
Amanda Anisimova
76%
Jeļena Ostapenko
76%
Mirra Andreeva
76%
Simona Halep
76%
Angelique Kerber
74%
Nr. 3 Elina Svitolina
74%
Garbiñe Muguruza
74%
Qinwen Zheng
74%
Karolína Plíšková
73%
Paula Badosa
73%
Nr. 4 Sofia Kenin
73%
Nr. 12 Elise Mertens
72%
Nr. 6 Markéta Vondroušová
72%
Viktoria Azarenka
72%
Leylah Fernandez
69%
Nr. 2 Petra Kvitová
68%
Emma Navarro
67%
Nr. 8 Karolína Muchová
67%
Maria Sakkari
67%
Belinda Bencic
66%
Daria Kasatkina
64%
Nr. 15 Ekaterina Alexandrova
60%
Nr. 7 Danielle Collins
59%
Bianca Andreescu
58%
Carolina Garcia
58%
Johanna Konta
58%
Beatriz Haddad Maia
55%
Anett Kontaveit
53%
Nr. 16 Marta Kostyuk
53%
Liudmila Samsonova
52%
Anna Kalinskaya
48%
Nr. 19 Magda Linette
48%
Clara Tauson
47%
Nr. 17 Donna Vekić
46%
Nr. 11 Anastasia Pavlyuchenkova
45%
Kiki Bertens
45%
Nr. 9 Veronika Kudermetova
42%
Diana Shnaider
39%
Nr. 13 Jennifer Brady
29%
Nr. 20 Yulia Putintseva
27%
Nr. 14 Petra Martić
24%
Martina Trevisan
21%
Nr. 18 Alison Riske
15%
No matching quizzes found
Score Distribution
Percent of People with Each Score
Percentile by Number Answered
Your Score History
You have not taken this quiz